000 00374nam a22001577a 4500
003 OSt
005 20211020081905.0
008 211020b |||||||| |||| 00| 0 eng d
020 _a817177184
040 _aHU
_cDDC
082 _a346.0703
245 _aLEGAL AND COMMERCIAL DICTIONARY
260 _aNEW DELHI
_bKOLKATA
_c2003
300 _a928,P,35CM
942 _cBOOKS
_2ddc
_n0
999 _c13499
_d13499